000 01760nam a2200457 i 4500
001 136668
003 FlNmELB
005 20241217181039.0
006 m o d |
007 cr cnu||||||||
008 150712s2012 sp o 000 0 spa d
020 _a9788436827088
020 _a9788436827309 (e book)
035 _a(MiAaPQ)EBC3428808
035 _a(Au-PeEL)EBL3428808
035 _a(CaPaEBR)ebr11059268
035 _a(OCoLC)935744049
040 _aFINmELB
_bspa
_erda
_cFINmELB
050 4 _aHF5635
_bL9257 2012
080 _a331.4
082 0 _a657
_223
100 1 _aLópez Herrera, Diego.
245 1 0 _aContabilidad y análisis financiero :
_bespecial referencia a las empresas turísticas /
_cDiego López Herrera, Manuel Orta Pérez, Laura Sierra García.
264 1 _aMadrid :
_bEdiciones Pirámide,
_c2012.
300 _a1 recurso en línea (193 páginas)
336 _atexto
_btxt
_2rdacontent/spa
337 _acomputadora
_bc
_2rdamedia/spa
338 _arecurso en línea
_bcr
_2rdacarrier/spa
490 1 _aColección "Economía y empresa"
588 _aDescripción basada en recurso en línea; Título de la página del título en PDF (e-libro, visto July 12, 2015).
590 _aRecurso electrónico. Santa Fe, Arg.: e-libro, 2015. Disponible vía World Wide Web. El acceso puede estar limitado para las bibliotecas afiliadas a e-libro.
650 0 _aAccountig.
650 0 _aCorporations
_xFinance.
650 4 _aContabilidad.
655 4 _aLibros electrónicos.
700 1 _aOrta Pérez, Manuel,
_eautor.
700 1 _aSierra García, Laura,
_eautor.
797 2 _ae-libro, Corp.
830 0 _aColección "Economía y empresa".
856 4 0 _uhttps://elibro.net/ereader/politecnicointernacional/48984
999 _c136668
_d136668